[Event "Roncana op-C 12th"]
[Site "Santa Eulalia de Roncana"]
[Date "2018.10.20"]
[Round "3"]
[White "Pueyo Amoros, Ares"]
[Black "Molina Gil, Noah"]
[Result "0-1"]
[WhiteElo "1048"]
[BlackElo "1346"]
[PlyCount "66"]
[EventDate "2018.09.29"]
[EventType "swiss"]
[EventRounds "8"]
[EventCountry "ESP"]
[SourceTitle "EXT 2020"]
[Source "ChessBase"]
[SourceDate "2019.10.17"]
[SourceVersion "1"]
[SourceVersionDate "2019.10.17"]
[SourceQuality "1"]

1. d4 d5 2. Nf3 Nc6 3. Bf4 Nf6 4. e3 Bf5 5. c4 e6 6. Nc3 Bb4 7. Be2 Bxc3+ 8. bxc3 0-0 9. 0-0 Ne4 10. Qb3 b6 11. Qa4 Qd7 12. Be5 Nxe5 13. Qxd7 Nxd7 14. Rfd1 Nxc3 15. Re1 Nxe2+ 16. Rxe2 Bd3 17. Rd2 Bxc4 18. Rc1 b5 19. a4 a6 20. Rdd1 Be2 21. Rd2 Bxf3 22. gxf3 Rac8 23. axb5 axb5 24. Rb1 c6 25. Ra1 Ra8 26. Rc1 Rfc8 27. Kh1 c5 28. Rb1 cxd4 29. Rxd4 Ne5 30. Kg2 Rc5 31. Ra1 Rcc8 32. Rb1 Rcb8 33. f4 Nc6 0-1

[Event "Roncana op-C 11th"]
[Site "Santa Eulalia de Roncana"]
[Date "2017.11.18"]
[Round "8.7"]
[White "Burriel Beltran, Alex"]
[Black "Pueyo Amoros, Ares"]
[Result "1-0"]
[WhiteElo "1382"]
[BlackElo "1601"]
[PlyCount "44"]
[EventDate "2017.09.23"]
[EventType "swiss"]
[EventRounds "8"]
[EventCountry "ESP"]
[SourceTitle "EXT 2024"]
[Source "ChessBase"]
[SourceDate "2023.10.10"]
[SourceVersion "1"]
[SourceVersionDate "2023.10.10"]
[SourceQuality "1"]

1. e4 e6 2. Nc3 d5 3. d4 Nc6 4. e5 Bb4 5. Nge2 Nge7 6. a3 Bxc3+ 7. Nxc3 0-0 8. Be3 Nf5 9. Qd3 b6 10. g4 Nxe3 11. Qxe3 Qh4 12. h3 Bb7 13. 0-0-0 a5 14. Qg3 Qg5+ 15. f4 Qe7 16. Rd3 Ba6 17. Rd2 g6 18. Bxa6 Rxa6 19. Qd3 Raa8 20. f5 exf5 21. gxf5 gxf5 22. Qxf5 Qh4 1-0

[Event "Roncana op-C 10th"]
[Site "Santa Eulalia de Roncana"]
[Date "2016.09.24"]
[Round "1"]
[White "Pueyo Amoros, Ares"]
[Black "Alcon Davalos, Nerea"]
[Result "1-0"]
[WhiteElo "1627"]
[BlackElo "1308"]
[PlyCount "75"]
[EventDate "2016.09.24"]
[EventType "swiss"]
[EventRounds "8"]
[EventCountry "ESP"]
[SourceTitle "EXT 2018"]
[Source "ChessBase"]
[SourceDate "2017.10.13"]
[SourceVersion "1"]
[SourceVersionDate "2017.10.13"]
[SourceQuality "1"]

1. e4 e5 2. Nf3 Nc6 3. Bc4 Nf6 4. Nc3 Bc5 5. d3 0-0 6. Bd2 d6 7. 0-0 Bd7 8. Ng5 h6 9. Nf3 Na5 10. Bb3 Rc8 11. Ne1 Qe7 12. Qf3 Nxb3 13. axb3 Be6 14. Qg3 Qd7 15. Bxh6 Nh5 16. Bxg7 Nxg7 17. Nf3 Qc6 18. Ng5 Qb6 19. Qh4 Rfd8 20. Qh7+ Kf8 21. Qh8+ Ke7 22. Qxg7 Rg8 23. Qh6 Rh8 24. Qg7 Rhg8 25. Na4 Qc6 26. Qh6 Rh8 27. Nh7 Rcg8 28. Qh4+ Kd7 29. Nxc5+ Qxc5 30. Ra4 Rg6 31. Nf6+ Kc6 32. Qxh8 Qxc2 33. Rxa7 Qc5 34. Qe8+ Kb6 35. Nd7+ Kxa7 36. Nxc5 Bg4 37. Qd8 Be2 38. Ra1+ 1-0

[Event "Roncana op-C 9th"]
[Site "Santa Eulalia de Roncana"]
[Date "2015.10.31"]
[Round "4"]
[White "Martinez Gueldos, Ferran"]
[Black "Pueyo Amoros, Ares"]
[Result "1-0"]
[WhiteElo "1694"]
[BlackElo "1674"]
[PlyCount "75"]
[EventDate "2015.10.03"]
[EventType "swiss"]
[EventRounds "8"]
[EventCountry "ESP"]
[SourceTitle "EXT 2017"]
[Source "ChessBase"]
[SourceDate "2016.10.25"]
[SourceVersion "1"]
[SourceVersionDate "2016.10.25"]
[SourceQuality "1"]

1. e4 e5 2. Nf3 Nc6 3. Nc3 Bc5 4. Bc4 Nf6 5. 0-0 0-0 6. d3 d6 7. h3 Be6 8. Bxe6 fxe6 9. Bg5 Re8 10. Bxf6 Qxf6 11. Nb5 Rad8 12. Nxc7 Re7 13. Nb5 a6 14. Nc3 Bb4 15. Ne2 Rf8 16. Ng3 d5 17. exd5 exd5 18. Nh5 Qg6 19. Nh4 Qe6 20. c3 Bc5 21. Qd2 d4 22. a3 dxc3 23. Qxc3 Ref7 24. Nf3 e4 25. dxe4 Qxe4 26. Rae1 Qf5 27. Ng3 Qg6 28. Qxc5 Rc8 29. Qb6 Rcf8 30. b4 Ne7 31. Qxb7 Nf5 32. Qd5 Nxg3 33. Ne5 Qf6 34. Nxf7 Rxf7 35. fxg3 Qb6+ 36. Qc5 Qb5 37. Qc8+ Rf8 38. Qxf8# 1-0

[Event "Roncana op-C 9th"]
[Site "Santa Eulalia de Roncana"]
[Date "2015.10.17"]
[Round "2"]
[White "Fernandez Ferreira, Eric"]
[Black "Pueyo Amoros, Ares"]
[Result "0-1"]
[WhiteElo "1720"]
[BlackElo "1674"]
[PlyCount "46"]
[EventDate "2015.10.03"]
[EventType "swiss"]
[EventRounds "8"]
[EventCountry "ESP"]
[SourceTitle "EXT 2017"]
[Source "ChessBase"]
[SourceDate "2016.10.25"]
[SourceVersion "1"]
[SourceVersionDate "2016.10.25"]
[SourceQuality "1"]

1. e4 e5 2. Nf3 Nc6 3. Bb5 a6 4. Bxc6 bxc6 5. Nxe5 d6 6. Nxc6 Qd7 7. Nd4 Nf6 8. d3 d5 9. exd5 Bb4+ 10. c3 Bc5 11. Qe2+ Be7 12. Bg5 0-0 13. Qe5 h6 14. Nf5 Re8 15. Bf4 Bb7 16. 0-0 Bxd5 17. Re1 Ng4 18. Nxe7+ Rxe7 19. Qxe7 Qxe7 20. Rxe7 Rb8 21. c4 Bc6 22. Rxc7 Re8 23. h3 Re1# 0-1